1901 1994 1695 1880 1846 1493 1096 1075 1864 1502 1255 1007 1291 1002 1185 1227 1764 1169 1610 1538 1868 1964 1015 1602 1048 1360 1928 1841 1964 1648 1288 1234 1095 1511 1453 1160 1080 1285 1162 1975 1991 1514 1703 1137 1197 1816 1660 1539 1454 1460 1098 1228 1746 1274 1400 1118 1583 1309 1987 1952 1231 1671 1817 1646 1258 1178 1728 1536 1921 1381 1058 1712 1131 1928 1467 1303 1646 1589 1183 1734 1342 1799 1319 1544 1143 1561 1424 1844 1294 1675 1650 1459 1952 1759 1284 1576 1406 1697 1710 BCNSPRNW ULIB Ver.6.0+V

เปลี่ยนเป็นภาษาไทย

Change to English
 แสดงรายละเอียดบรรณานุกรม
  กลับหน้าหลัก

Brief Record : Get Marc (ISO 2709) : E-mail record : QR code < ปิดหน้าต่าง
LEADER : 00000nam 2200000uu 4500
001    13399112809
003     ULIB
008    110912s2551||||th 000 0 tha d
020    9789740526476
050  4 LB2330^bก351ป 2551
245 00 สอบตรงเรียนต่อ ม.รัฐบาลไม่ต้องผ่าน ADMISSIONS /^cเรียบเรียงโดย กองบรรณาธิการนิตยสาร"การศึกษาวันนี้"
250    พิมพ์ครั้งที่ 2
260    กรุงเทพฯ :^bวัฏฏะ คลาสสิฟายด์ส,^c2551
300    320 หน้า :^bภาพประกอบ ;^c21 ซม.
650  4 การแนะแนวการศึกษา
650  4 การศึกษาขั้นอุดมศึกษา^xการสอบ
650  4 สถาบันอุดมศึกษา^xการสอบ
650  4 สถาบันอุดมศึกษา^xการสอบคัดเลือก^xคู่มือ
710 2  กองบรรณาธิการนิตยสาร "การศึกษาวันนี้"
945    ^p195^l0^i024399
995    ทศพร
999 ^a ทศพร
รายการนี้ยังไม่มีแท็ก
คุณยังไม่ได้ล็อกอิน คุณสามารถมีกิจกรรมร่วมกับเว็บไซต์ได้ แต่ต้องล็อกอินก่อน ::
  ล็อกอิน

รายการสื่อสารสนเทศ

ลำดับที่ ประเภท เลขเรียก/บาร์โค้ด สถานที่ สถานะ
- ไม่พบข้อมูล -

รายการใกล้เคียง
    หัวเรื่อง [การแนะแนวการศึกษา]

BibComment


ยังไม่เคยถูกคอมเมนท์

คอมเมนท์ทรัพยากรรายการนี้
  คอมเมนท์: สอบตรงเรียนต่อ มร..


 Copyright 2026. Bcnsprnw @Library